Công tác tham vấn trẻ em T2

সংরক্ষণ করুন:
গ্রন্থ-পঞ্জীর বিবরন
প্রধান লেখক: Kathryn Geldard
সংস্থা লেখক: Đại học Mở
বিন্যাস: গ্রন্থ
প্রকাশিত: TP. HCM 2000
ট্যাগগুলো: ট্যাগ যুক্ত করুন
কোনো ট্যাগ নেই, প্রথমজন হিসাবে ট্যাগ করুন!
Thư viện lưu trữ: Trung tâm Học liệu Lê Vũ Hùng, Trường Đại học Đồng Tháp
LEADER 00647pam a22002058a 4500
001 00038077
005 20171026081025.0
008 170515s2000 ||||||Viesd
041 0 # |a Vie 
082 1 4 |a 158  |b C455T 
100 1 # |a Kathryn Geldard 
110 1 # |a Đại học Mở 
245 1 0 |a Công tác tham vấn trẻ em T2  |c Kathryn Geldard, David Geldard 
260 # # |a TP. HCM  |c 2000 
300 # # |a 268tr. 
852 # # |b Kho mượn  |j KM.0021368 
852 # # |b Kho đọc  |j KD.1001164, KD.0020397 
852 # # |j KD.0020397  |j KM.0021368 
910 |d 15/05/2017 
980 # # |a Trung tâm Học liệu Lê Vũ Hùng, Trường Đại học Đồng Tháp